00585nam a22001932 4500001001100000005001700011008004100028020001700069040001500086100003200101245006500133250001300198260003200211300001800243650003800261650003700299650005200336852000300388000002060820151217145925.0110927s xx 000 0 eng d a0415465786 : aKABUcKABU1 aMarsh, Colin J.@000013687510aKey concepts for understanding curriculum /cColin J. Marsh. a4th ed. aLondon :bRoutledge,c2009. axvii, 349 p. 0aEducationxCurricula.@0000180983 0aCurriculum planning.@0000153667 0aEducational tests and measurements.@00001535811